000 00671nam a22002537a 4500
003 UA-OsUOA
001 27368
007 ta
008 20040625b un ||||| |||| 00| 0 ukr d
100 _aЛифшиц Мих.
090 _a7.036
_bЛ62
942 _cBK
040 _aUA-OsUOA
_brus
_cUA-OsUOA
_dUA-OsUOA
245 _aИскусство и современный мир
300 _a384 с.
_bІлюстрації
955 _a0
041 _arus
080 _a7.036
260 _aМосква
_bИзобразительное искусство
_c1978
044 _aRU
250 _nИздание 2-е, дополн.
650 7 _2UDC
999 _c313712
_d313712